000
002610000a22000970004500
100
1
_a
Goldingay, John
245
1
0
_a
The significance of circumcision
300
_a
Núm 88 (2000), Páginas 3-18
773
0
_t
Journal for the Study of the Old Testament
942
_c
ANA
999
_c
54728
_d
54728